|
|
|
|
| LEADER |
00000nam0a2200000 4500 |
| 001 |
135932 |
| 005 |
20231031140256.0 |
| 020 |
|
|
|a RU
|b 85-43521
|
| 035 |
|
|
|a (RuTPU)RU\TPU\book\147314
|
| 090 |
|
|
|a 135932
|
| 100 |
|
|
|a 20080416d1985 m y0rusy5003 ca
|
| 101 |
0 |
|
|a rus
|
| 102 |
|
|
|a RU
|
| 105 |
|
|
|a y z 000ay
|
| 200 |
1 |
|
|a Четыре года и вся жизнь
|e Рассказы, очерки
|f Б. Е. Галанов
|
| 210 |
|
|
|a Москва
|c Советский писатель
|d 1985
|
| 215 |
|
|
|a 480 с.
|c портр.
|d 20 см
|
| 610 |
1 |
|
|a советская литература
|
| 610 |
1 |
|
|a рассказы
|
| 610 |
1 |
|
|a очерки
|
| 610 |
1 |
|
|a Великая Отечественная война 1941-1945
|
| 610 |
1 |
|
|a послевоенные годы
|
| 675 |
|
|
|a Р2
|z rus
|
| 700 |
|
1 |
|a Галанов
|b Б. Е.
|g Борис Ефимович
|4 070
|
| 801 |
|
0 |
|a RU
|b RuMRKP
|c 19950704
|g psbo
|
| 801 |
|
1 |
|a RU
|b 63413507
|c 20080416
|g PSBO
|
| 801 |
|
2 |
|a RU
|b 63413507
|c 20080416
|g PSBO
|
| 942 |
|
|
|c BK
|